Every WWE World champion - Statistics

General Stats
  • This quiz has been taken 65 times
  • The average score is 119 of 151
Answer Stats
Hint Answer % Correct
2005-06 | 2006 | 2006-07 | +6 others John Cena
95%
2015 | 2015-16 | 2016 | 2022-24 Roman Reigns
95%
1998 | 1999 | 2000 | +3 others The Rock
93%
2002 | 2003 | 2003-04 | +3 others Brock Lesnar
89%
1984-88 | 1989-90 | 1991 | +3 others Hulk Hogan
89%
2007 | 2007-08 | 2009 | +5 others Randy Orton
89%
1999 | 2000 | 2002 | +4 others Triple H
89%
1991 | 1997 | 1999 | 2002 Undertaker
89%
1998 | 1999 | 2001 Steve Austin
86%
2024-Present Cody Rhodes
84%
2020 | 2020-21 Drew Mcintyre
84%
2006 | 2008 | 2009 Edge
84%
2015 | 2016 Seth Rollins
84%
1999-00 | 2002 Big Show
82%
2016 Dean Ambrose
82%
2017 Bray Wyatt
80%
2011 | 2011-13 CM Punk
80%
2019 Kofi Kingston
80%
2011 Rey Mysterio
80%
1992 Ric Flair
80%
1996 | 1997 | 1997-98 Shawn Michaels
80%
2009-10 | 2010 | 2015 Sheamus
80%
2010-11 | 2021 The Miz
80%
2016-17 | 2017-18 AJ Styles
77%
1988 Andre The Giant
77%
2000-01 | 2001 | 2002-03 | 2003 Kurt Angle
77%
2009 | 2010 Batista
75%
2021 | 2022 Bobby Lashley
75%
1998 Kane
75%
1988-89 | 1992 Randy Savage
75%
2021-22 Big E
73%
2001-02 Chris Jericho
73%
2013 | 2014 | 2018-19 Daniel Bryan
73%
2004 Eddie Guerrero
73%
2008-09 Jeff Hardy
73%
1992-93 | 1994 | 1995-96 | 1997 Bret Hart
70%
1963-71 | 1973-77 Bruno Sammartino
70%
2011 Alberto Del Rio
68%
2017 Jinder Mahal
68%
1998-99 | 1999 Mankind
68%
1999 Vince Mcmahon
68%
2006 Rob Van Dam
64%
1978-79 | 1979-83 | 1994 Bob Backlund
61%
1994-95 Diesel
61%
1990-91 Ultimate Warrior
59%
1993 | 1993-94 Yokozuna
59%
1996-97 | 1997 Sycho Sid
57%
1971-73 Pedro Morales
52%
1971 Ivan Koloff
48%
1983-84 The Iron Sheik
48%
1963 Buddy Rogers
45%
1991 Sgt Slaughter
45%
1973 Stan Stasiak
41%
1977-78 Billy Graham
36%
1988 Ted Dibiase
25%
2004-05 John Layfield
16%
1979 Antonio Inoki
11%
No matching quizzes found
Score Distribution
Percent of People with Each Score
Percentile by Number Answered
Your Score History
You have not taken this quiz